Giáo trình lôgích học /

Guardat en:
Dades bibliogràfiques
Autor principal: Nguyễn Văn Hoà, PGS.TS.
Format: Sách giấy
Idioma:Vietnamese
Publicat: H. : Chính trị Quốc gia - Sự thật, 2014.
Matèries:
Etiquetes: Afegir etiqueta
Sense etiquetes, Sigues el primer a etiquetar aquest registre!
Thư viện lưu trữ: Thư viện Trường Đại học Đà Lạt
LEADER 01105nam a2200349 4500
001 DLU170180441
005 ##20170809
020 # # |a 9786045707289 
040 # # |a DLU  |b vie 
041 # # |a vie 
044 # # |a vn 
082 # # |a 160  |b NG-H 
100 # # |a Nguyễn Văn Hoà,  |c PGS.TS. 
245 # # |a Giáo trình lôgích học /  |c Nguyễn Văn Hoà. 
246 # # |a Giáo trình lôgíc học. 
246 # # |a Giáo trình logic học. 
260 # # |a H. :  |b Chính trị Quốc gia - Sự thật,  |c 2014. 
300 # # |a 314tr. ;  |c 21cm. 
504 # # |a Tài liệu tham khảo: tr.307-308. 
505 # # |a Chương I. Đại cương về lôgíc -- Chương II. Khái niệm -- Chương III. Phán đoán -- Chương IV. Suy luận -- Chương V. Các quy luật cơ bản của tư duy hình thức -- Chương VI. Chứng minh. 
650 # # |a Logic học  |v Giáo trình. 
923 # # |a 05/2016 
991 # # |a GT 
992 # # |a 52000 
994 # # |a DLU 
900 # # |a True 
911 # # |a Nguyễn Thanh Hương 
925 # # |a G 
926 # # |a A 
927 # # |a SH 
980 # # |a Thư viện Trường Đại học Đà Lạt